Middle East A-Z #5 - Statistics

General Stats
  • This quiz has been taken 271 times
  • The average score is 12 of 26
Answer Stats
Hint Answer % Correct
T Country located mostly on "A" Turkey
91%
L Country where you would find the ancient city of Tyre Lebanon
90%
M Term for a person who follows Islam Mohametan
90%
E Planet where you would find the Middle East Earth
85%
S The largest sect of Islam Sunni
85%
R Month of fasting observed by "M" Ramadan
84%
O You may find a town in the desert near one of these oasis
77%
A Peninsula where you would find the eastern half of Istanbul Anatolia
73%
Y Holiday on which an Arab/Israeli war began in 1973 Yom Kippur
71%
P Ancient kingdom ruled by "D" Persia
70%
C Religion founded by Paul, writing in "T" Christianity
64%
K Israeli agricultural collective kibbutz
50%
D Great king of the Achaemenid Empire Darius
46%
N Another name for "A", to differentiate from the Far East Near East
46%
I Legendary progenitor of all Arabs Ishmael
36%
J Ancient port city of Israel Jaffa
35%
F Popular name amongst Arab kings Faisal
31%
Q Arabic name for Jerusalem Al {Quds}
24%
H The Islamic calendar; Arabic for "migration" Hijra
20%
G Oldest city in "T" Gaziantep
19%
U Caliph who conquered Jerusalem and "P" Umar bin Khattab
19%
X Greek historian/philosopher who joined a failed campaign to conquer "P" Xenophon
13%
B Oldest city in "L" Byblos
12%
V Roman engineer who wrote on the Battle of "Z" (also in the LEGO movie) Vitruvius
5%
W Cousin of Muhammad's wife Khadija Waraqa
4%
Z Where Julius Caesar fought Pharnaces II of Pontus, in "T" Zela
2%
No matching quizzes found
Score Distribution
Percent of People with Each Score
Percentile by Number Answered
Your Score History
You have not taken this quiz